000 00627nam a2200229Ia 4500
003 OSt
005 20221007063359.0
006 a|||||r|||| 00| 0
007 ta
008 221006b |||||||| |||| 00| 0 eng d
024 _a16,693
037 _cTextual
040 _aFLL
_cFLL
_beng
041 _2eng
_aeng
082 _aY1:45:60X:326.73, L4
100 _aQuinney Richard
_9292599
245 0 _aCritique of legal order
260 _aBoston
_bLittle, Brown and Co. Boston
_c1974
300 _a206p
_ccm.
942 _hY1:45:60X:326.73, L4
_cTEXL
_2CC
999 _c1131108
_d1131108